A Commentary on the divine tree; a clear explaination of the essence of Thonmi's thirty verses (Record no. 10172)
[ view plain ]
| 000 -LEADER | |
|---|---|
| fixed length control field | 006880000a22002650004500 |
| 003 - CONTROL NUMBER IDENTIFIER | |
| control field | MS |
| 082 ## - DEWEY DECIMAL CLASSIFICATION NUMBER | |
| Classification number | 495.45 |
| Item number | W424c |
| -- | N |
| 041 ## - LANGUAGE CODE | |
| Language code of text/sound track or separate title | Eng |
| 100 ## - MAIN ENTRY--PERSONAL NAME | |
| Personal name | Weibel, Francis A. |
| 245 ## - TITLE STATEMENT | |
| Title | A Commentary on the divine tree; a clear explaination of the essence of Thonmi's thirty verses |
| 260 ## - PUBLICATION, DISTRIBUTION, ETC. (IMPRINT) | |
| Place of publication, distribution, etc | Kathmandu |
| Name of publisher, distributor, etc | University of Wisconsin College Year in Nepal Program, 1985-1986, India |
| 260 ## - PUBLICATION, DISTRIBUTION, ETC. (IMPRINT) | |
| Date of publication, distribution, etc | 1985-1986 |
| 300 ## - PHYSICAL DESCRIPTION | |
| Extent | 22p. |
| 538 ## - SYSTEM DETAILS NOTE | |
| System details note | CKJ |
| 500 ## - GENERAL NOTE | |
| General note | Bibliography at the end |
| 518 ## - DATE/TIME AND PLACE OF AN EVENT NOTE | |
| Date/time and place of an event note | 950719 |
| 530 ## - ADDITIONAL PHYSICAL FORM AVAILABLE NOTE | |
| Additional physical form available note | M |
| 650 ## - SUBJECT ADDED ENTRY--TOPICAL TERM | |
| Topical term or geographic name as entry element | Tibetan language |
| 650 ## - SUBJECT ADDED ENTRY--TOPICAL TERM | |
| Topical term or geographic name as entry element | Grammar |
| 650 ## - SUBJECT ADDED ENTRY--TOPICAL TERM | |
| Topical term or geographic name as entry element | Syntax |
| 650 ## - SUBJECT ADDED ENTRY--TOPICAL TERM | |
| Topical term or geographic name as entry element | Language education |
| 651 ## - SUBJECT ADDED ENTRY--GEOGRAPHIC NAME | |
| Geographic name | Nepal |
| 942 ## - ADDED ENTRY ELEMENTS (KOHA) | |
| Koha item type | General Collections |
| Withdrawn status | Lost status | Damaged status | Not for loan | Home library | Current library | Date acquired | Total Checkouts | Barcode | Date last seen | Price effective from |
|---|---|---|---|---|---|---|---|---|---|---|
| Tribhuvan University Central Library | Tribhuvan University Central Library | 06/20/2010 | G28767 | 06/20/2010 | 06/20/2010 | |||||
| Tribhuvan University Central Library | Tribhuvan University Central Library | 06/20/2010 | G29097 | 06/20/2010 | 06/20/2010 |
